000 00841nam a22002537a 4500
005 2008092903563.0
008 080929t xxu||||| |||| 00| 0 eng d
010 _aENG-91072
020 _a9788184501155
_c1550.00
035 _aEN-74605
037 _bDBAD / PUB
040 _aDPL
082 _a362.1091734
100 _aGoel, S.L.
245 _aRural health education /
_cS.L.Goel
260 _aNew Delhi
_bDeep & Deep Publications
_c2008
300 _axi, 330p.
_c24cm.(Hb)
500 _aInclude index
650 _aHealth education
650 _aRural health
650 _aRural health services
942 _2ddc
_cEN
_mGOE
_h362.1091734
999 _c16004
_d16004